| 000 | 00720nam a22001697a 4500 | ||
|---|---|---|---|
| 005 | 20250214140516.0 | ||
| 008 | 250214b |||||||| |||| 00| 0 eng d | ||
| 082 |
_22024 _aUT |
||
| 100 |
_aNacua, Danfel Marie C. _965292 |
||
| 245 |
_aProfessional collaboration and pedagogical skills among mathematics teachers in the implementation of the national learning camp (NLC) / _cDanfel Marie C. Nacua, Mary Grace T. Padayag, and Rhoena Jane Pojeda |
||
| 260 |
_aDigos City : _bUMDC, _câ’¸July 2024. |
||
| 300 |
_aviii, 52 pages : _billustration (some colors) ; _c29 cm. |
||
| 500 | _aInclude references and appendices. | ||
| 700 |
_aPadayag, Mary Grace T. _965293 |
||
| 700 |
_a Pojeda, Rhoena Jane _965294 |
||
| 942 |
_2ddc _cUT |
||
| 999 |
_c23452 _d23452 |
||